000 01368cam a2200385 i 4500
001 18171053
005 20230321105643.0
008 140530s2014 ne a b 001 0 eng
010 _a 2014395347
020 _a9780123838360 (hbk.)
020 _a0123838363 (hbk.)
040 _aDLC
_beng
_cDLC
_erda
042 _apcc
050 0 0 _aQP357.5
_b.M38 2014
082 0 0 _a612.8
_223
_bWAL
245 0 0 _aMATLAB for neuroscientists :
_ban introduction to scientific computing in MATLAB /
_cPascal Wallisch [and five others].
250 _aSecond edition.
264 1 _aAmsterdam :
_bAcademic Press,
_c[2014]
264 4 _c©2014
300 _axx, 550 pages :
_billustrations (some color) ;
_c24 cm
336 _atext
_2rdacontent
336 _astill image
_2rdacontent
337 _aunmediated
_2rdamedia
338 _avolume
_2rdacarrier
504 _aIncludes bibliographical references and index.
630 0 0 _aMATLAB.
650 0 _aNeurosciences
_xData processing.
_9110767
650 0 _aNumerical analysis
_xComputer programs.
_91808
650 0 _aComputer science
_xMethodology.
_9110768
650 0 _aNeurosciences.
_9110769
700 1 _aWallisch, Pascal,
_d1978-
_eauthor.
_9110770
906 _a7
_bcbc
_corigres
_d2
_encip
_f20
_gy-gencatlg
942 _2ddc
_cBK
999 _c593920
_d593920